| 000 | 00800nam a2200181Ia 4500 | ||
|---|---|---|---|
| 008 | 100920s9999 xx 000 0 und d | ||
| 082 |
_b89641 _a320 न 04 |
||
| 100 | _aभोळे भास्कर लक्ष्मण. | ||
| 245 | _aयशवंतराव चव्हाण राजकारण आणि साहित्य. | ||
| 260 |
_bसाकेत प्रकाशन ,औरंगाबाद. _c2004 |
||
| 300 |
_a156 _bसाधी |
||
| 365 | _b100 | ||
| 520 | _aराजकारण. | ||
| 630 | _aयशवंतराव चव्हाण राजकारण आणि साहित्य. | ||
| 650 | _aराजकारण. | ||
| 730 | _aयशवंतराव चव्हाण राजकारण आणि साहित्य. | ||
| 942 | _cBOOK | ||
| 999 |
_c730137 _d730134 |
||